Statistics for World Capitals further West than any Neighbouring Capital

Click here to take the quiz!

General Stats

  • This quiz has been taken 41 times
  • The average score is 6 of 9

Answer Stats

#Capital% Correct
3Mexico City
91%
2Quito
89%
5Dakar
86%
3Oslo
86%
4Luanda
77%
2Malabo
54%
2Sana'a
43%
4Riga
29%
4Dushanbe
0%

Score Distribution

Percentile by Number Answered

Percent of People with Each Score

Your Score History

You have not taken this quiz